Guess the Football Club Logo - North America/CONCACAF#1 - Statistics

General Stats
  • This quiz has been taken 23 times
  • The average score is 9 of 12
Answer Stats
Picture Hint Answer % Correct
Mexico Club America
100%
U.S.A. Inter Miami
100%
U.S.A. Los Angeles FC (LAFC)
95%
Canada Vancouver Whitecaps
95%
Mexico Monterrey
90%
U.S.A. Seattle Sounders
86%
Mexico C.D. Guadalajara
81%
Mexico Tigres de la UANL
81%
Mexico C.D. Cruz Azul
76%
Costa Rica Deportivo Saprissa
43%
Honduras C.D. Olimpia
33%
Canada Forge FC
33%
No matching quizzes found
Score Distribution
Percent of People with Each Score
Percentile by Number Answered
Your Score History
You have not taken this quiz